| 000 | 00823cab a2200217 4500 | ||
|---|---|---|---|
| 001 | WB3104-35 | ||
| 008 | 090401t1995 xxu||||| |||| 00| 0 eng d | ||
| 035 | _a(Sirsi) u75188 | ||
| 041 | _aeng | ||
| 245 | _aRICS rethink on education practices | ||
| 260 | _c1995 | ||
| 350 | _a0 | ||
| 490 |
_aProperty Week _v50(4) 26 January 1995, 5(1) |
||
| 520 | _aAt a conference called `Chartered surveyors - an endangered species`, the RICS president sought a revision of the institution`s education and training practices in order to meet the future challenges to the profession`s areas of expertise, reputation and fields of business. | ||
| 650 | _aCOMPETITION | ||
| 650 | _aPROFESSIONS | ||
| 650 | _aQUALIFICATIONS | ||
| 690 | _aMANAGEMENT-BUSINESS MANAGEMENT-PROFESSIONAL PRACTICE | ||
| 942 | _n0 | ||
| 948 | _c04/03/1997 | ||
| 999 |
_c47369 _d47369 |
||